[Event "Chess!!!"]
[Site "SchemingMind.com"]
[Date "2011.05.28"]
[Round "-"]
[White "michel"]
[Black "maro"]
[Result "1-0"]
[WhiteCountry "CAN"]
[BlackCountry "MEX"]
[WhiteElo "2019"]
[WhiteRD "61"]
[BlackElo "1299"]
[BlackRD "59"]
[GameID "285121"]

1. Nf3 Nf6 2. c4 d5 3. cxd5 Nxd5 4. e4 Nb4 5. d4 Bg4 6. Be3 e6 7. Bb5+ c6 8. Be2 Bxf3 9. Bxf3 Be7 10. O-O O-O
11. Nc3 Nd7 12. a3 Qa5 13. axb4 Qxb4 14. Qe2 a6 15. Ra4 Qb6 16. Rd1 Bb4 17. d5 Qc7 18. Rxb4 b5 19. dxc6 Qxc6 20. e5 Qc8
21. Bxa8
1-0

[Event "Chess!!!"]
[Site "SchemingMind.com"]
[Date "2011.05.30"]
[Round "-"]
[White "SittingBull"]
[Black "BigDaddy"]
[Result "1-0"]
[WhiteCountry "CAN"]
[BlackCountry "AUT"]
[WhiteElo "1855"]
[WhiteRD "66"]
[BlackElo "1317"]
[BlackRD "76"]
[GameID "285122"]

1. e4 c5 2. Nf3 d6 3. d4 cxd4 4. Nxd4 Nf6 5. Nc3 e5 6. Ndb5 a6 7. Na3 Be7 8. Bg5 O-O 9. Bxf6 Bxf6 10. Nd5 Be6
11. Nxf6+ Qxf6 12. Be2
1-0

[Event "Chess!!!"]
[Site "SchemingMind.com"]
[Date "2011.06.05"]
[Round "-"]
[White "David Hartley"]
[Black "Scooter"]
[Result "1-0"]
[WhiteCountry "ENG"]
[BlackCountry "USA"]
[WhiteElo "1909"]
[WhiteRD "76"]
[BlackElo "1885"]
[BlackRD "62"]
[GameID "285807"]

1. e4 c6 2. d4 d5 3. exd5 cxd5 4. Bd3 Nc6 5. c3 Nf6 6. Nf3 Bg4 7. Be2 e6 8. Be3 Bd6 9. Nh4 Bxe2 10. Qxe2 Ne4
11. Nf3 O-O 12. Nbd2 Nxd2 13. Qxd2 Na5 14. b3 Qb6 15. O-O Rac8 16. Rfc1 Nc6 17. Qe1 Ne7 18. Qd2 Nf5 19. Bf4 Bxf4 20. Qxf4 Rc7
21. Rc2 Rfc8 22. Rac1 Nd6 23. Nd2 Nf5 24. Nf3 Qa5 25. c4 dxc4 26. Rxc4 Rxc4 27. Rxc4 Rd8 28. Qc7 Qxc7 29. Rxc7 Nxd4 30. Nxd4 g6
31. Rxb7 Rxd4 32. g3 a5 33. a4 h5 34. h4 Kf8 35. Kf1 Ke8 36. Ke2 Rd7 37. Rxd7 Kxd7 38. Kd3 Kc6 39. Kc4 f6 40. b4 axb4
41. Kxb4 g5 42. a5 gxh4 43. gxh4 f5 44. Kc4 e5 45. a6
1-0

[Event "Chess!!!"]
[Site "SchemingMind.com"]
[Date "2011.06.05"]
[Round "-"]
[White "Scooter"]
[Black "David Hartley"]
[Result "1/2-1/2"]
[WhiteCountry "USA"]
[BlackCountry "ENG"]
[WhiteElo "1885"]
[WhiteRD "62"]
[BlackElo "1909"]
[BlackRD "76"]
[GameID "285811"]

1. d4 d5 2. Nf3 Nf6 3. Bf4 c5 4. e3 Nc6 5. c3 Qb6 6. Qb3 Qxb3 7. axb3 b6 8. Bb5 Bd7 9. Bc7 Rc8 10. Bxc6 Rxc7
11. Bxd7+ Nxd7 12. O-O e6 13. Nbd2 Be7 14. Ra4 Nb8 15. Rfa1 Nc6 16. Ne5 Nxe5 17. dxe5 a5 18. b4 cxb4 19. cxb4 Rc2 20. Nf1 Rxb2
21. bxa5 bxa5 22. Rxa5 Rb8 23. Rc1 O-O 24. Ra7 Rfe8 25. Rcc7 Kf8 26. g3 Rbc8 27. Rd7 Rcd8 28. Nd2 Rxd7 29. Rxd7 f6 30. exf6 Bxf6
31. Kg2 Re7 32. Rd6 Kf7 33. e4 d4 34. f4 e5 35. f5 Rc7 36. Nf3 Ke7 37. Rd5 Rd7 38. Rxd7+ Kxd7 39. Kf2 Kc6 40. Ke2 Kc5
41. Kd3 Kb4 42. g4 h6 43. h4 Kc5 44. g5 hxg5 45. hxg5 Be7 46. Nxe5 Bxg5 47. Nf3 Be3 48. e5 Kd5 49. e6 Kd6 50. Nxd4 Bg5
51. Ke4 Ke7 52. Nf3 Bf6 53. Kd5 Bc3 54. Ne5 Kf6 55. Nc6 Bb2 56. Na5 Ba3 57. Nc4 Bf8 58. Nd6 g6 59. fxg6 Kxg6 60. Kc6=
1/2-1/2

[Event "Chess!!!"]
[Site "SchemingMind.com"]
[Date "2011.06.15"]
[Round "-"]
[White "jtrochez1"]
[Black "emvarela"]
[Result "0-1"]
[WhiteCountry "HON"]
[BlackCountry "ARG"]
[WhiteElo "1626"]
[WhiteRD "49"]
[BlackElo "1797"]
[BlackRD "49"]
[GameID "286553"]

1. e4 e5 2. Bc4 Nf6 3. d3 Nc6 4. Nf3 Bc5 5. h3 d6 6. Nc3 h6 7. Na4 O-O 8. Nxc5 dxc5 9. Be3 Qe7 10. a3 Be6
11. Bxe6 fxe6 12. Qd2 Rad8 13. Qe2 Nd4 14. Nxd4 exd4 15. Bd2 e5 16. O-O-O b5 17. g4 Qe6 18. Kb1 c4 19. dxc4 bxc4 20. c3 d3
21. Qe3 Qb6 22. Qxb6 cxb6 23. f3 Nd7 24. h4 Rxf3 25. g5 hxg5 26. hxg5 Nc5 27. Rh2 Nxe4 28. Ka2 Nxd2 29. Rdxd2 e4 30. Rhf2 Rdf8
31. Rxf3 Rxf3 32. Rg2 e3
0-1

[Event "Chess!!!"]
[Site "SchemingMind.com"]
[Date "2011.06.15"]
[Round "-"]
[White "emvarela"]
[Black "jtrochez1"]
[Result "1/2-1/2"]
[WhiteCountry "ARG"]
[BlackCountry "HON"]
[WhiteElo "1797"]
[WhiteRD "49"]
[BlackElo "1626"]
[BlackRD "49"]
[GameID "286561"]

1. d4 d5 2. c4 c6 3. Nc3 e6 4. e3 Nf6 5. Nf3 Bd6 6. Bd3 Nbd7 7. O-O h6 8. Na4 O-O 9. c5 Be7 10. b4 Ne4
11. Bxe4 dxe4 12. Nd2 f5 13. f3 Nf6 14. fxe4 fxe4 15. Nc3 Bd7 16. Ncxe4 Nxe4 17. Nxe4 Rxf1+ 18. Qxf1 Qc7 19. Qf4 Qxf4 20. exf4 Rd8
21. g3 Be8 22. Bb2 Bg6 23. Re1 Bxe4 24. Rxe4 Kf7 25. Kf2 b5 26. Kf3 Bf6 27. Ke3 g5 28. fxg5 Bxg5+ 29. Kf3 Rd5 30. h4 Bf6
31. Ke3 h5 32. Rf4 Kg6 33. Re4 Kf7 34. a3=
1/2-1/2

[Event "Chess!!!"]
[Site "SchemingMind.com"]
[Date "2011.08.17"]
[Round "-"]
[White "John Hamer"]
[Black "reo"]
[Result "1-0"]
[WhiteCountry "ENG"]
[BlackCountry "THA"]
[WhiteElo "1995"]
[WhiteRD "65"]
[BlackElo "1717"]
[BlackRD "104"]
[GameID "291104"]

1. d4 Nf6 2. Nf3 d5 3. c4 c6 4. Nc3 e6 5. Bg5 Be7 6. e3 Nbd7 7. Bd3 O-O 8. O-O h6 9. Bh4 b6 10. Rc1 Nh7
11. Bxe7 Qxe7 12. cxd5 exd5 13. e4 dxe4 14. Bxe4 Bb7 15. Re1 Qd6 16. d5 c5 17. Nb5 Qf6 18. Re2 Ba6 19. Qa4 Bxb5 20. Qxb5 Qd6
21. Rd1 Nhf6 22. Qc6 Nxe4 23. Rxe4 Qxc6 24. dxc6 Nb8 25. c7 Na6 26. Rd7 Nb4 27. a3 Nc6 28. Kf1 Kh7 29. Ke2 Rae8 30. Kd3
1-0

[Event "Chess!!!"]
[Site "SchemingMind.com"]
[Date "2011.08.17"]
[Round "-"]
[White "reo"]
[Black "John Hamer"]
[Result "0-1"]
[WhiteCountry "THA"]
[BlackCountry "ENG"]
[WhiteElo "1727"]
[WhiteRD "101"]
[BlackElo "1990"]
[BlackRD "67"]
[GameID "291108"]

1. e4 c6 2. d4 d5 3. e5 Bf5 4. Nf3 e6 5. Be2 Nd7 6. O-O Ne7 7. Be3 Nc8 8. Nbd2 Be7 9. Re1 O-O 10. Nb3 Ncb6
11. Nfd2 Qc7 12. Bg4 Bg6 13. Nc1 c5 14. c3 cxd4 15. cxd4 Bc2 16. Qe2 Na4 17. b3 Nc3 18. Qf3 Ba3 19. Qh3 Bb2 20. Ne2 Nxe2+
21. Rxe2 Bxa1 22. Nf3 Bg6 23. Bh5 Bd3 24. Ng5 g6
0-1

[Event "Chess!!!"]
[Site "SchemingMind.com"]
[Date "2011.11.06"]
[Round "-"]
[White "David Hartley"]
[Black "Olli Ylönen"]
[Result "1-0"]
[WhiteCountry "ENG"]
[BlackCountry "FIN"]
[WhiteElo "1817"]
[WhiteRD "66"]
[BlackElo "1815"]
[BlackRD "53"]
[GameID "296500"]

1. e4 c5 2. c3 d5 3. exd5 Qxd5 4. d4 Nf6 5. Nf3 Bg4 6. Be2 e6 7. Be3 cxd4 8. Nxd4 Qxg2 9. Kd2 Ne4+ 10. Kc2 Bxe2
11. Nxe2 Nxf2 12. Bxf2 Qxf2 13. Qd3 Qf5 14. Qxf5 exf5 15. Re1 Be7 16. Nd2 O-O 17. Rad1 Nc6 18. Nb3 g5 19. Rd7 b6 20. Ned4 Nxd4+
21. Nxd4 Bc5 22. Nxf5 Rad8 23. Rxa7 Rd5 24. Ne7+ Bxe7 25. Rexe7 g4 26. Re2 Ra5 27. Rxa5 bxa5 28. Re5 f5 29. Rxa5 h6 30. Kd2 f4
31. Ke2 Re8+ 32. Kf2 f3 33. Rh5 Re2+ 34. Kf1 Rxb2 35. Rxh6 Rxa2 36. Rg6+ Kh7 37. Rxg4 Rxh2 38. Rf4 Kg6 39. Rxf3 Rh5 40. Ke2 Rf5
41. Rxf5 Kxf5 42. Kd3 Ke5 43. Kc4 Kd6 44. Kb5 Kc7 45. Kc5 Kd7 46. Kb6 Kc8 47. Kc6 Kb8 48. c4 Kc8 49. c5
1-0

[Event "Chess!!!"]
[Site "SchemingMind.com"]
[Date "2011.11.06"]
[Round "-"]
[White "Olli Ylönen"]
[Black "David Hartley"]
[Result "1-0"]
[WhiteCountry "FIN"]
[BlackCountry "ENG"]
[WhiteElo "1815"]
[WhiteRD "53"]
[BlackElo "1817"]
[BlackRD "66"]
[GameID "296510"]

1. e4 e5 2. Nf3 Nc6 3. Bb5 a6 4. Bxc6 dxc6 5. O-O Qf6 6. d4 exd4 7. Bg5 Qd6 8. Nxd4 Be7 9. Bxe7 Nxe7 10. Nc3 Bd7
11. Nb3 O-O 12. Nc5 Qxc5 13. Qxd7 Rac8 14. Qh3 Ng6 15. Rfe1 Rcd8 16. Rac1 f5 17. exf5 Rxf5 18. Ne4 Qf8 19. g4 Rf4 20. Ng5 h6
21. Ne6 Rf3 22. Nxf8 Rxh3 23. Nxg6 Rf3 24. Re3 Rxe3 25. fxe3 Rd2 26. Nf4 Kf7 27. Nd3 Re2 28. Ne5+ Ke6 29. Nc4 b5 30. Na5 Rxe3
31. Nxc6 Kd6 32. Nb4 a5 33. Rd1+ Ke5 34. Nc6+ Kf4 35. Nxa5 Kf3 36. Kh1 Re2 37. Nc6 Kxg4 38. Rg1+ Kh5 39. Nd4 Rd2 40. Nxb5 g5
41. Ra1 Rxc2 42. a4 Rxb2 43. Nxc7 Rb7 44. Nd5 Kg6 45. a5 Ra7 46. a6 Kf7 47. Nc7 Ke7 48. Kg2
1-0

[Event "Chess!!!"]
[Site "SchemingMind.com"]
[Date "2012.01.11"]
[Round "-"]
[White "emvarela"]
[Black "SittingBull"]
[Result "1-0"]
[WhiteCountry "ARG"]
[BlackCountry "CAN"]
[WhiteElo "1778"]
[WhiteRD "48"]
[BlackElo "1824"]
[BlackRD "78"]
[GameID "300968"]

1. d4 e6 2. e4 d5 3. Nc3 Bb4 4. e5 c5 5. a3 Bxc3+ 6. bxc3 Ne7 7. Qg4 Qc7 8. Qxg7 Rg8 9. Qxh7 cxd4 10. Ne2 dxc3
11. f4 Nbc6 12. Qd3 Bd7 13. Qxc3 Nf5 14. Rb1 O-O-O 15. Rg1 d4 16. Qd3 Na5 17. g4 Bc6 18. gxf5
1-0

[Event "Chess!!!"]
[Site "SchemingMind.com"]
[Date "2012.01.11"]
[Round "-"]
[White "SittingBull"]
[Black "emvarela"]
[Result "1-0"]
[WhiteCountry "CAN"]
[BlackCountry "ARG"]
[WhiteElo "1824"]
[WhiteRD "78"]
[BlackElo "1778"]
[BlackRD "48"]
[GameID "300970"]

1. e4 e5 2. Nf3 Nc6 3. Bb5 f5 4. Bxc6 dxc6 5. Nxe5 Qd4 6. Qh5+ g6 7. Nxg6 Qxe4+ 8. Kd1 Nf6 9. Qg5 Qg4+ 10. Qxg4 Nxg4
11. Re1+ Kd7 12. Nxh8 Nxf2+ 13. Ke2 Ne4 14. Nf7 Bg7 15. d3 Ke7 16. dxe4 Kxf7 17. exf5 Bxf5 18. c3 Bg4+ 19. Kf2 Rf8 20. Bf4 Kg6
21. g3 Bh6 22. Re4 Bxf4 23. Rxf4 Rxf4+ 24. gxf4 h5 25. Nd2 Kf5 26. Ke3 b5 27. Nb3
1-0

[Event "Chess!!!"]
[Site "SchemingMind.com"]
[Date "2012.05.27"]
[Round "-"]
[White "John Hamer"]
[Black "SittingBull"]
[Result "1/2-1/2"]
[WhiteCountry "ENG"]
[BlackCountry "CAN"]
[WhiteElo "2006"]
[WhiteRD "64"]
[BlackElo "1825"]
[BlackRD "82"]
[GameID "311236"]

1. d4 Nf6 2. c4 g6 3. Nc3 Bg7 4. Nf3 d6 5. Bf4 O-O 6. e3 b6 7. h3 Bb7 8. Be2 Nbd7 9. O-O Re8 10. Bh2 c5
11. d5 a6 12. Qd2 Nf8 13. e4 e6 14. Rfe1 e5 15. Bd3=
1/2-1/2

[Event "Chess!!!"]
[Site "SchemingMind.com"]
[Date "2012.05.27"]
[Round "-"]
[White "SittingBull"]
[Black "John Hamer"]
[Result "1/2-1/2"]
[WhiteCountry "CAN"]
[BlackCountry "ENG"]
[WhiteElo "1826"]
[WhiteRD "79"]
[BlackElo "1982"]
[BlackRD "64"]
[GameID "311238"]

1. e4 c6 2. d4 d5 3. exd5 cxd5 4. Bd3 Nc6 5. c3 Nf6 6. Nf3 e6 7. O-O Be7 8. h3 O-O 9. Bf4 a6 10. Nbd2 b5
11. Ne5 Nxe5 12. Bxe5 Bb7 13. b4 Rc8 14. Rc1 Nd7 15. Bh2 Qb6 16. Qh5 g6 17. Qh6 Bf6 18. Nf3 Bg7=
1/2-1/2

[Event "Chess!!!"]
[Site "SchemingMind.com"]
[Date "2012.07.09"]
[Round "-"]
[White "John Hamer"]
[Black "Olli Ylönen"]
[Result "1/2-1/2"]
[WhiteCountry "ENG"]
[BlackCountry "FIN"]
[WhiteElo "1986"]
[WhiteRD "66"]
[BlackElo "1845"]
[BlackRD "53"]
[GameID "313766"]

1. d4 Nf6 2. c4 g6 3. Nc3 d5 4. Nf3 Bg7 5. Qa4+ Bd7 6. Qb3 dxc4 7. Qxc4 O-O 8. Bf4 Na6 9. e4 c5 10. e5 Be6
11. Qa4 Nd5 12. Nxd5 Bxd5 13. Bxa6 bxa6 14. dxc5 Rb8 15. Rb1 a5 16. Qa3 Rb4 17. Bg3 Re4+ 18. Kf1 Bc4+ 19. Kg1 f6 20. h4 fxe5
21. Kh2 e6 22. Rhd1 Qe7 23. Qxa5 Rxf3 24. gxf3 Rxh4+ 25. Kg1=
1/2-1/2

[Event "Chess!!!"]
[Site "SchemingMind.com"]
[Date "2012.07.10"]
[Round "-"]
[White "Olli Ylönen"]
[Black "John Hamer"]
[Result "0-1"]
[WhiteCountry "FIN"]
[BlackCountry "ENG"]
[WhiteElo "1863"]
[WhiteRD "56"]
[BlackElo "2029"]
[BlackRD "66"]
[GameID "313771"]

1. e4 c6 2. d4 d5 3. exd5 cxd5 4. c4 Nf6 5. Nc3 e6 6. Nf3 Bb4 7. cxd5 exd5 8. Bd3 O-O 9. O-O Bg4 10. Bg5 Bxc3
11. bxc3 Nbd7 12. h3 Bh5 13. c4 dxc4 14. Bxc4 Nb6 15. Bb3 Qd6 16. Re1 h6 17. Be3 Nbd5 18. Rc1 Rfe8 19. Qe2 Rac8 20. Qf1 Nxe3
21. Rxe3 Bxf3 22. Rxf3 Qxd4 23. Rxc8 Rxc8 24. Rd3 Qf4 25. g3 Qc7 26. Kg2 Qc6+ 27. Kh2 b5 28. Qg2 Qc5 29. h4 Ng4+ 30. Kg1 b4
31. Bxf7+ Kxf7 32. Qf3+ Nf6 33. Rd7+ Kg8 34. Rb7 Rf8 35. Qb3+ Nd5 36. Qb2 Qc3 37. Qb3 Qe1+ 38. Kg2 Qxf2+ 39. Kh3 Qf1+ 40. Kg4 Qf5#
0-1